000 00919nam a2200265Ia 4500
003 OSt
005 20220930203400.0
006 a|||||r|||| 00| 0
007 ta
008 220926b |||||||| |||| 00| 0 eng d
024 _a72793
037 _cDissertations
040 _aCRL
_cCRL
_beng
041 _2eng
_aeng
100 _aMakhija Ashok Kumar
_9565744
110 _aUniversity of Delhi. Faculty of Medical Sciences. Department of Orthopaedics
_9519703
245 0 _aDiagnosis and management of knee derangements
_b Relative roles of arthroscopy and arthrography
260 _c1985
300 _a123p.
_ccm.
650 _aORTHOPEDICS
_9519704
700 _a Supervisor : Dr. N. C. Gupta
_9565745
700 _aUniversity of Delhi. Faculty of Medical Sciences. Department of Orthopaedics
_9519706
942 _cDIS
_2CC
999 _c904538
_d904538